00227nam a22000977a 4500003000400000008004100004100001700045245004500062260001500107300000700122OSt240807b |||||||| |||| 00| 0 eng d aKumar Neeraj aMadhumakhi palan parichay and prabandhan apusac2017 a90